| 000 | 01084cam a22002415a 4500 | ||
|---|---|---|---|
| 001 | L160159 | ||
| 008 | 180905s2018 xxk f 000 0 eng d | ||
| 035 | _a(Sirsi) u160159 | ||
| 041 | 0 | _aeng | |
| 100 | 1 | _aJackson, Cath | |
| 245 | 0 | 0 |
_aChanging priorities in investor decision-making _b the sustainability agenda _h[electronic resources] |
| 260 |
_aLondon _bRICS _c2018 |
||
| 490 | 0 | _aRICS Research | |
| 520 | _aExamines the importance placed on environmental sustainability in the decision-making process of UK fund managers when making property investments. It also investigates if green premia for sustainable buildings exist, and the compatibility of environmental sustainable and financial objectives. | ||
| 590 | _aKA | ||
| 650 | 2 | 4 | _aFUND MANAGEMENT |
| 651 | 4 | _aUnited Kingdom | |
| 690 |
_aSustainability _96271 |
||
| 690 |
_aInvestments _96250 |
||
| 700 | 1 | _aOrr, Allison | |
| 856 | 4 | 0 |
_uhttps://www.isurv.com/downloads/download/2232/changing_priorities_in_investor_decision-making_the_sustainability_agenda _zArchived on isurv (subscription required) |
| 942 | _n0 | ||
| 999 |
_c116248 _d116248 |
||